000 00626nam a2200205Ia 4500
003 GCL
008 140319s9999 xx 000 0 ara d
040 _aGCL /
_cGCL
082 0 4 _a817.008
_bع ك
100 1 _aالعاملى , محمد بهاءالدين
245 1 0 _aالكشكول /
_cالعاملى , محمد بهاءالدين
260 _a[S.N] :
_bدار الكتاب اللبنانى ،
_c1983
300 _a845 ص
490 _a
650 0 4 _aالشعر العربى
650 0 4 _aالادب العربى
650 0 4 _aالنثر العربى
650 0 4 _aالنوادرالعربية
942 _2ddc
_cBK
999 _c53964
_d53964